| 000 | 00532nam a2200193 a 4500 | ||
|---|---|---|---|
| 001 | 559 | ||
| 003 | CDMR | ||
| 005 | 20151019135402.0 | ||
| 008 | 130130s1985||||||||||||||||||||||||||||d | ||
| 020 | _a848550187X | ||
| 040 |
_aCDMR _bcat _cCPC GIRONA |
||
| 100 | 1 |
_aCampo Vidal, Manuel _932 |
|
| 245 | 1 | 0 |
_aConfidencias _b: la televisión por dentro _cManuel Campo Vidal |
| 260 |
_cDL 1985 _bMuchnik _aBarcelona |
||
| 300 | _a279 p. | ||
| 650 | 0 | 4 |
_91780 _aTelevisió _zEspanya |
| 610 | 2 |
_91250 _aRadiotelevisión Española |
|
| 942 |
_cMON _2udc |
||
| 999 |
_c559 _d559 |
||